| 000 | 00000nam##2200000za#4500 |
| 001 | 9.611594 |
| 003 | CaOODSP |
| 005 | 20211126112846 |
| 007 | ta |
| 008 | 150406|1994||||xxc||||| f|0| 0 eng|d |
| 020 | |a0-662-22633-X |
| 022 | |a1192-5434 |
| 040 | |aCaOODSP|beng |
| 043 | |an-cn--- |
| 086 | 1 |aFB3-2/94-8E |
| 110 | 2 |aBank of Canada. |
| 245 | 13|aAn empirical investigation into government spending and private sector behaviour / |cby Robert A. Amano and Tony S. Wirjanto. |
| 260 | |aOttawa - Ontario : |bBank of Canada |c1994. |
| 300 | |a21p. : |breferences, tables ; |c28 cm. |
| 490 | 1 |aWorking paper|x1192-5434|v94-8 |
| 500 | |a"We examine whether there is a significant relationship between government and private consumption in Canada."--Abstract. |
| 520 | 3 |aWe examine whether there is a significant relationship between government and private consumption in Canada.--Abstract |
| 546 | |aRésumés en français |
| 563 | |aSoftcover |
| 690 | 07|aPublic expenditures|2gcpds |
| 720 | 1 |aAmano, Robert A. |
| 720 | 1 |aWirjanto, Tony S. |
| 776 | 0#|tAn empirical investigation into government spending and private sector behaviour / |w(CaOODSP)9.571628 |
| 830 | #0|aWorking paper,|x1192-5434|v94-8|w(CaOODSP)9.514622 |